000 00232nam a22000857a 4500
008 161201b xxu||||| |||| 00| 0 eng d
100 _91645
_aRam,S.K
245 _aLearning To Communicate : Course Book-1
260 _aNew Delhi
_bOxford
_c2004
999 _c4358
_d4358